India and the empire (Record no. 438491)

000 -LEADER
fixed length control field 00314cam a22001217a 4500
008 - FIXED-LENGTH DATA ELEMENTS--GENERAL INFORMATION
fixed length control field 180718b1908 xxu||||| |||| 00| 0 eng d
082 ## - DEWEY DECIMAL CLASSIFICATION NUMBER
Classification number T394x54 W384
100 ## - MAIN ENTRY--PERSONAL NAME
Personal name Webb, M. De P.
245 ## - TITLE STATEMENT
Title India and the empire
Statement of responsibility, etc. by M. De P. Webb
260 ## - PUBLICATION, DISTRIBUTION, ETC.
Place of publication, distribution, etc. London
Name of publisher, distributor, etc. Longmans
Date of publication, distribution, etc. 1908
300 ## - PHYSICAL DESCRIPTION
Extent 193p.
650 ## - SUBJECT ADDED ENTRY--TOPICAL TERM
Topical term or geographic name entry element Empire-India
Holdings
Withdrawn status Lost status Damaged status Not for loan Permanent Location Current Location Date acquired Full call number Barcode Date last seen Price effective from Koha item type
        Indian Institute of Public Administration Indian Institute of Public Administration 2010-04-09 T394x54 W384 20563 2018-07-21 2018-07-21 Book

Powered by Koha